Gaming Quiz

Random Gaming Quiz
Score 0/38 Timer 10:00
1 Play Today
Hint Answer % Correct
The Game's HeroLink
99%
Princess of HyruleZelda
94.9%
Champion of the ZoraMipha
87.8%
Leader of Said RaceImpa
86.7%
Race of Fish PeopleZora
86.7%
Champion of the RitoRevali
86.7%
Race of Bird PeopleRito
85.7%
Champion's BrotherSidon
83.7%
Race of Female Only PeopleGerudo
83.7%
Race of Rock PeopleGoron
83.7%
Goron ChampionDaruk
82.7%
Race who made the shrinesSheikah
81.6%
Gerudo ChampionUrbosa
81.6%
Pointed Eared RaceHylian
80.6%
Scientist at the Hateno Tech LabPurah
77.6%
The last king of hyrule in disguise Old Man
76.5%
Leader of the GerudoRiju
70.4%
Watcher of the Master SwordGreat Deku Tree
70.4%
Granddaughter of #6Paya
69.4%
Hint Answer % Correct
Descendant of the Goron ChampionYunobo
65.3%
Scientist at Akkala Tech LabRobbie
64.3%
Monster MerchantKilton
57.1%
Rito Man who helps you with Vah MedohTeba
56.1%
Bard from the Rito TribeKass
54.1%
Construction WorkerBolson
45.9%
Travelling MerchantBeetle
37.8%
Leader of the GoronBludo
32.7%
Musical KorokHetsu
29.6%
Leader's AssistantMuzu
28.6%
Leader of the Yiga ClanMaster Kogha
28.6%
Elder of the Rito TribeKaneli
27.6%
Leader of Zora KingdomKing Zora
21.4%
One of the Great FariesCotera
20.4%
Assistant at Hateno Tech Lab Symin
18.4%
God who can revive horsesMalanya
16.3%
One of the Great FariesTera
14.3%
One of the Great FariesMija
11.2%
One of the Great FariesKaysa
8.2%
Remove Ads.
Support Sporcle.
Get the best of Sporcle when you Go Orange. This ad-free experience offers more features, more stats, and more fun while also helping to support Sporcle. Thank you for becoming a member.

You're not logged in!

Compare scores with friends on all Sporcle quizzes.
OR
Log In

Show Comments

Extras

Created Sep 3, 2017ReportNominate
Tags:breath, Character, Wild

Top Quizzes Today


Score Distribution

Your Account Isn't Verified!

In order to create a playlist on Sporcle, you need to verify the email address you used during registration. Go to your Sporcle Settings to finish the process.

Report this User

Report this user for behavior that violates our Community Guidelines.

Details: